000 00422nam a2200181Ia 4500
001 10490
005 20260306161836.0
008 260306t1997||||xx |||||||||||||| ||spa||
041 _aESP
082 _a937.06
_bH85
100 _aHubeñak, Florencio
_eAUT
245 0 _aRoma:
_bel mito político
260 _c1997
300 _a481 páginas :
_c24 cm.
650 _aGEN
654 _aCHU
942 _cLIB
_dJUS
_fJUS
_2ddc
_n
999 _c10490
_d10490